George C. Marshall : Education of a general

Gespeichert in:
Bibliographische Detailangaben
1. Verfasser: Pogue, Forrest C.
Format: Buch
Sprache:Undetermined
Veröffentlicht: New York, Estados Unidos Viking Press 1963
Schlagworte:
Tags: Tag hinzufügen
Keine Tags, Fügen Sie den ersten Tag hinzu!

MARC

LEADER 00000nam a2200000Ia 4500
008 170316s9999 xx 000 0 und d
040 |a cru BVZT 
090 |a 810 P-17g 
100 |a Pogue, Forrest C. 
245 |a George C. Marshall : Education of a general 
260 |a New York, Estados Unidos 
260 |b Viking Press 
260 |c 1963 
300 |a 421 páginas 
650 |a LITERATURA ESTADOUNIDENSE 
999 |c 6046  |d 6046 
942 |c 15 D  |h 810 P-17g  |2 z